| 000 | 00694nam a2200229Ia 4500 | ||
|---|---|---|---|
| 008 | 191130s2006##################000#0#eng## | ||
| 020 | _a9780199229062 | ||
| 022 | _a2006012753 | ||
| 040 |
_aACL _cACL |
||
| 082 | _a577 WIL | ||
| 100 | _aWilkinson, David M | ||
| 245 |
_aFundamental processes in ecology : an earth systems approach _cDavid M. Wilkinson |
||
| 250 | _a1st ed | ||
| 260 |
_aOxford _bOxford University Press _c2006 |
||
| 300 | _axi, 182 p. : ill. ; 24 cm | ||
| 500 | _aIncludes bibliographical references (p. [150]-171) and index | ||
| 650 | _aEarth sciences | ||
| 650 | _aEcology | ||
| 990 | _ae80c9de4ac10000c42e36f88bdb4d2e4 | ||
| 991 | _a247881 | ||
| 999 |
_c264168 _d264168 |
||